000 00652cab a2200229 4500
001 WB2738-11
008 090401t1991 xxu||||| |||| 00| 0 eng d
035 _a(Sirsi) u1482
041 _aeng
245 _aTimber repairs and treatment
260 _c1991
350 _a0
490 _aCS Monthly
_bthe Building Surveyor
_v(2) October 1991, 10(1)
520 _aExamines how to treat and repair damage timber in historic buildings.
650 _aBUILDING CONSERVATION
650 _aHISTORIC BUILDINGS
650 _aREPAIRS
650 _aTIMBER
690 _aBUILDING AND CONSTRUCTION-REPAIRS AND MAINTENANCE
942 _n0
948 _c04/03/1997
999 _c827
_d827